000 01922cam a22005054i 4500
003 PE-LiUPU
005 20250731173535.0
008 150616s r 000 0 d
020 _a0805461299
035 _a(Sirsi) i9780805461299
040 _aPE-LiUPU
_bspa
_cPE-LiUPU
_erda
049 _aPRUA
082 0 4 _b
_221
100 1 _aTillman, William M.,
_eautor.
245 1 0 _aUnderstanding Christian ethics.
264 1 _aNashville, Tennessee :
_bBroadman Press,
_c1988.
300 _a286 páginas ;
_c22 centímetros
336 _atext
_2rdacontent
337 _aunmediated
_2rdamedia
338 _avolume
_2rdacarrier
504 _aBibliografía al final de cada capítulo.
505 0 _aWhy study christian ethics?.- The old testament: source book for christian ethics.- Living to the glory of God: The ethics of the new testament.
526 _aSEG42
526 _aSEG41
526 _aSEG40
526 _aSEG39
526 _aP94
526 _aP87
526 _aP86
526 _aP85
526 _aP77
526 _aP76
526 _aP35
650 0 4 _aETICA CRISTIANA.
_91047
910 _ajck
_bjvq
_cjck
942 _2ddc
_cBOOK
949 _a241 U82
_wDEWEY
_c1
_i42392
_lCCODEBUL1
_mBUL
_r0
_sY
_tBOOK
_u2015-4-23
_xTEOLOGIA
_zUNKNOWN
_0COMPRA
_o.STAFF. Colección General
949 _a241 U82
_wDEWEY
_c2
_i45770
_lCCODEBUL1
_mBUL
_r0
_sY
_tBOOK
_u2015-6-16
_xTEOLOGIA
_zUNKNOWN
_0COMPRA
_o.STAFF. Colección General
994 _aC0
_bPEPRU
596 _a1
999 _a241 U82
_wDEWEY
_c60227
_i42392
_f2021-11-10
_g5
_lCCODEBUL1
_mBUL
_r0
_sY
_tBOOK
_u2015-4-23
_xTEOLOGIA
_zUNKNOWN
_0COMPRA
_o.STAFF. Colección General
_d60227
999 _a241 U82
_wDEWEY
_c2
_i45770
_f2021-11-10
_g5
_lCCODEBUL1
_mBUL
_r0
_sY
_tBOOK
_u2015-6-16
_xTEOLOGIA
_zUNKNOWN
_0COMPRA
_o.STAFF. Colección General
980 _81
_gALBERTO SANCHEZ Responsable de Automatización